000 00526nam a2200133Ia 4500
008 191021s9999 xx 000 0 und d
020 _a978-1-5249-8130-3
100 _aSlattery Michael.
245 _cSlattery Michael, Argenbright Kristi.--
_aExercises in environmental science /
250 _a5th ed.
260 _aDubuque, Ia. :
_bKendall Hunt .
_c2018.
300 _aiii,101 pages:
_b illustrations, forms, maps ;
_c28 cm.
650 _a Environmental sciences -- Study and teaching (Higher) More like this Similar Items
999 _c362277
_d362277